Normal view MARC view

Entry Corporate Name

Number of records used in: 1

001 - CONTROL NUMBER

  • control field: 24488

003 - CONTROL NUMBER IDENTIFIER

  • control field: dpl

005 - DATE AND TIME OF LATEST TRANSACTION

  • control field: 20101129113227.0

008 - FIXED-LENGTH DATA ELEMENTS

  • fixed length control field: 101129|||a|||||| | ||| d

040 ## - CATALOGING SOURCE

  • Original cataloging agency: dpl
  • Transcribing agency: dpl

110 ## - HEADING--CORPORATE NAME

  • Corporate name or jurisdiction name as entry element: Society of Fisheries Technologists (India)

670 ## - SOURCE DATA FOUND

  • Source citation: Work cat.: (dpl)0: Fishery technology.

670 ## - SOURCE DATA FOUND

  • Source citation: Work cat.: (dpl)0: Fishery technology.

© Delhi Public Library
Hit Counter
free hit counter